Carregant...

Linear algebra and its applications/

Dades bibliogràfiques
Autor principal: Strang,Gilbert
Format: Printed Book
Idioma:English
Publicat: Delhi. Cengage Learning, 2012.
Edició:4th ed.
Matèries:
LEADER 00598 a2200169 4500
008 131113b xxu||||| |||| 00| 0 eng d
020 |a 9788131501726 
082 |a 512.5 
100 |a Strang,Gilbert./ 
245 |a Linear algebra and its applications/  |c Gilbert Strang. 
250 |a 4th ed. 
260 |c 2012.  |b Cengage Learning,  |a Delhi. 
300 |a viii,487p.:  |b ill.;  |c 24 cm. 
650 |a Algebras,Linear. 
942 |2 ddc  |c BK 
999 |c 100298  |d 100298 
952 |0 0  |1 0  |4 0  |6 512_500000000000000_STR_L  |7 0  |9 100008  |a UL  |b UL  |c ST1  |d 2013-06-07  |e 2  |g 269.50  |l 3  |m 3  |o 512.5 STR/L  |p 89071  |r 2020-06-02  |s 2020-03-07  |v 350.00  |y BK